Determining the causality indices of controlled dynamic systems; Soviet journal of computer and systems sciences; Vol. 28, Issue 4

書誌詳細
Parent link:Soviet journal of computer and systems sciences.— .— [Б. м.], 1990
Vol. 28, Issue 4.— 1990.— P. 67-71
第一著者: Malishenko (Malyshenko) A. M. Alexanedr Maximovich
要約:The notion of causality indices for controlled multidimensional continuous- and discrete-time dynamic systems is introduced. Methods for their determination from the system digraph The procedure for calculating the causality indices by reference to the system digraph can be replaced by computing these indices from the reachability matrices that correspond to it, which are formed from the adjacency matrix of the digraph An example is given for a linear system
В фонде НТБ ТПУ отсутствует
言語:ロシア語
出版事項: 1990
主題:
フォーマット: MixedMaterials 図書の章
KOHA link:https://koha.lib.tpu.ru/cgi-bin/koha/opac-detail.pl?biblionumber=601173

MARC

LEADER 00000naa0a2200000 4500
001 601173
005 20250212092338.0
035 |a (RuTPU)RU\TPU\tpu\25881 
090 |a 601173 
100 |a 20141016d1990 k||y0rusy50 ca 
101 0 |a rus 
102 |a RU 
200 1 |a Determining the causality indices of controlled dynamic systems  |f A. M. Malishenko (Malyshenko) 
330 |a The notion of causality indices for controlled multidimensional continuous- and discrete-time dynamic systems is introduced. Methods for their determination from the system digraph The procedure for calculating the causality indices by reference to the system digraph can be replaced by computing these indices from the reachability matrices that correspond to it, which are formed from the adjacency matrix of the digraph An example is given for a linear system 
333 |a В фонде НТБ ТПУ отсутствует 
461 |t Soviet journal of computer and systems sciences   |c [Б. м.]  |d 1990 
463 |t Vol. 28, Issue 4  |v P. 67-71  |c [Б. м.]  |d 1990 
610 1 |a труды учёных ТПУ 
700 1 |a Malishenko (Malyshenko)  |b A. M.  |c specialist in the field of informatics and computer technology  |c Professor of Tomsk Polytechnic University, Doctor of technical sciences  |c Corresponding member of the Academy of Electrical Engineering Sciences of the Russian Federation  |c Full member of the International Higher Education Academy of Sciences  |f 1937-  |g Alexanedr Maximovich  |3 (RuTPU)RU\TPU\pers\31592  |9 15751 
801 1 |a RU  |b 63413507  |c 20141016 
801 2 |a RU  |b 63413507  |c 20141016  |g RCR 
942 |c CR